[Event "Campeonato de Aragon por Equipos - Division de Honor"]
[Site ""]
[Date "2022.02.05"]
[Round "2.9"]
[White "Cifuentes Parada, Roberto"]
[Black "Ruperez Benito, Antonio"]
[Result "1/2-1/2"]
[WhiteElo "2427"]
[BlackElo "2322"]
[PlyCount "0"]
[WhiteTeam "Jaque - Pirenauto"]
[BlackTeam "Palacio De Pioneros A"]
[EventDate "2022.01.29"]

1. Nf3 Nf6 2. g3 e6 3. Bg2 d5 4. O-O Be7 5. d4 O-O 6. c4 dxc4 7. Qa4 a6 8. Qxc4
b5 9. Qc2 Bb7 10. Bf4 Nc6 11. Rd1 Nb4 12. Qc1 Rc8 13. Nc3 Nbd5 14. Ne5 c5 15.
Nxd5 Bxd5 16. Bxd5 Nxd5 17. dxc5 Bxc5 18. Qd2 Qe7 19. Rac1 Rfd8 20. Nd3 Bb6 21.
Rxc8 Rxc8 22. Rc1 Qb7 23. Be5 f6 24. Bd6 Rxc1+ 25. Qxc1 Kf7 26. b4 a5 27. a3
axb4 28. axb4 Qd7 29. Bc5 Qc6 30. e4 Nc7 31. Qf4 Kg8 32. Ne5 Qb7 33. Nd7 Bxc5
34. Nxc5 Qc6 35. Qd2 Na6 36. Nxa6 Qxa6 37. Qd8+ Kf7 38. Qd7+ Kg6 39. Kg2 h5 40.
h3 Qa4 41. Qe8+ Kh6 42. g4 hxg4 43. hxg4 Kh7 44. Qh5+ Kg8 45. Qc5 Qd1 46. f3
1/2-1/2

[Event "Campeonato de Aragon por Equipos - Division de Honor"]
[Site ""]
[Date "2022.02.05"]
[Round "2.10"]
[White "Romero Pallares, Daniel"]
[Black "Escartin Lacasa, Jose"]
[Result "0-1"]
[WhiteElo "2270"]
[BlackElo "2315"]
[PlyCount "0"]
[WhiteTeam "Palacio De Pioneros A"]
[BlackTeam "Jaque - Pirenauto"]
[EventDate "2022.01.29"]

1. e4 c5 2. Nf3 Nc6 3. Bb5 e6 4. O-O Nge7 5. d4 cxd4 6. Nxd4 Qc7 7. Be3 a6 8.
Be2 d5 9. Nxc6 bxc6 10. Nc3 Ng6 11. f4 Bd6 12. Qd2 O-O 13. Rad1 Rb8 14. Na4 Rb4
15. Nc5 Rxb2 16. a4 Ra2 17. e5 Be7 18. Qc3 Rd8 19. Qb3 d4 20. Rxd4 Rxd4 21.
Bxd4 Qd8 22. Be3 Bxc5 23. Bxc5 Qd5 24. Qxd5 cxd5 25. Rb1 Rxc2 26. Bd6 Rxe2 27.
Rc1 Bb7 28. Rb1 Bc8 29. Rc1 Bd7 30. Rc7 Nxf4 31. Rxd7 Rxg2+ 32. Kf1 h5 33. Ra7
d4 34. Bc5 d3 35. Be3 Nd5 0-1

[Event "Campeonato de Aragon por Equipos - Division de Honor"]
[Site ""]
[Date "2022.02.05"]
[Round "2.11"]
[White "Ereza Vizcarra, Fernando"]
[Black "Palacios Herrero, Pablo"]
[Result "0-1"]
[WhiteElo "2117"]
[BlackElo "2222"]
[PlyCount "0"]
[WhiteTeam "Jaque - Pirenauto"]
[BlackTeam "Palacio De Pioneros A"]
[EventDate "2022.01.29"]


1. d4 d5 2. Nf3 Nf6 3. g3 e6 4. Bg2 Be7 5. O-O b5 6. Bg5 Nbd7 7. a4 b4 8. c4
bxc3 9. bxc3 Ba6 10. Nbd2 O-O 11. Re1 c5 12. e4 dxe4 13. Nxe4 Nxe4 14. Bxe7
Qxe7 15. Rxe4 Nf6 16. Re5 Rac8 17. Qe1 Rfd8 18. Rb1 h6 19. h3 Nd5 20. Nh4 Qf6
21. Rb3 cxd4 22. cxd4 Nf4 23. gxf4 Qxh4 24. Qe3 Rc4 25. Ra5 Bc8 26. Rb8 Rcxd4
27. Rxa7 e5 28. fxe5 Rd1+ 29. Kh2 R1d3 30. Rxc8 Rxe3 31. Rxd8+ Qxd8 32. Ra8
Qxa8 33. Bxa8 Rxe5 34. Kg3 g5 35. h4 Kg7 36. Bc6 Rc5 37. Bb5 f5 38. hxg5 hxg5
39. Kf3 Kf6 40. Ke3 Ke5 41. Bd3 g4 42. f4+ gxf3 43. Kxf3 Rc3 44. Ke2 Ra3 45.
Bb5 Kf4 46. Bd7 Ke4 47. Bc6+ Kd4 48. Kf2 f4 49. Ke2 Rc3 50. Be8 Re3+ 0-1

[Event "Campeonato de Aragon por Equipos - Division de Honor"]
[Site ""]
[Date "2022.02.05"]
[Round "2.12"]
[White "Garcia Gonzalez, Omar"]
[Black "Gonzalez Gambau, Jorge"]
[Result "1-0"]
[WhiteElo "2057"]
[BlackElo "2068"]
[PlyCount "0"]
[WhiteTeam "Palacio De Pioneros A"]
[BlackTeam "Jaque - Pirenauto"]
[EventDate "2022.01.29"]

1. e4 c6 2. Nc3 d5 3. d4 dxe4 4. Nxe4
Bf5 5. Ng3 Bg6 6. Bc4 e6 7. N1e2 Bd6 8. h4 h6 9. Nf4 Bxf4 10. Bxf4 Nf6 11. h5
Bh7 12. O-O Nbd7 13. Re1 O-O 14. Bb3 Nd5 15. Bd2 Qh4 16. c3 N7f6 17. Qf3 Ng4
18. Bd1 Ndf6 19. a4 Rad8 20. a5 Rd5 21. Ra4 Bf5 22. Bb3 Rb5 23. c4 Qh2+ 24. Kf1
Qh4 25. Kg1 Qh2+ 26. Kf1 Qh4 27. Qc3 Nh2+ 28. Kg1 Rxb3 29. Qxb3 Nfg4 30. Re2
Bc2 31. Qxc2 Nf3+ 32. gxf3 Qh2+ 33. Kf1 Qh3+ 34. Ke1 Nh2 35. Qe4 Qg2 36. Kd1
Rd8 37. Ra3 1-0

[Event "Campeonato de Aragon por Equipos - Division de Honor"]
[Site ""]
[Date "2022.02.05"]
[Round "2.13"]
[White "Garza Marco, Sergio"]
[Black "Cid Royo, Jonathan"]
[Result "1-0"]
[WhiteElo "2396"]
[BlackElo "2169"]
[PlyCount "0"]
[WhiteTeam "Helios"]
[BlackTeam "L'Aurora Estadilla"]
[EventDate "2022.01.29"]

1. d4 d5 2. c4 e6 3. Nc3 Nf6 4. cxd5 exd5 5. Bg5 Be7 6. e3 O-O 7. Bd3 c6 8. Qc2
Nbd7 9. Nge2 Re8 10. O-O h6 11. Bf4 Nf8 12. h3 Bd6 13. Rab1 Bxf4 14. Nxf4 Ne6
15. Nxe6 Rxe6 16. b4 Qe8 17. b5 Ne4 18. bxc6 bxc6 19. Rfc1 Qe7 20. Ne2 Qh4 21.
Nf4 Rf6 22. Bxe4 dxe4 23. Qe2 Rd6 24. Rc5 Qf6 25. Qc2 g6 26. Rc1 Be6 27. Nxe6
Qxe6 28. Re5 Qd7 29. Qxe4 Kf8 30. Qh4 Kg7 31. Qe4 Kf8 32. Qb1 Rd5 33. Qb4+ Kg7
34. Re7 Qf5 35. Rxc6 Rb5 36. Rxf7+ Kxf7 37. Rc7+ 1-0

[Event "Campeonato de Aragon por Equipos - Division de Honor"]
[Site ""]
[Date "2022.02.05"]
[Round "2.14"]
[White "Cid Royo, Oscar"]
[Black "Eizaguerri Floris, Maria"]
[Result "0-1"]
[WhiteElo "2015"]
[BlackElo "2215"]
[PlyCount "0"]
[WhiteTeam "L'Aurora Estadilla"]
[BlackTeam "Helios"]
[EventDate "2022.01.29"]

1. d4 d5 2. Nf3 Nf6 3. g3 c6 4. Bg2 Bg4 5. Ne5 Bf5 6. c4 e6 7. Nc3 Nbd7 8. O-O
Be7 9. cxd5 exd5 10. Qb3 Qb6 11. Qxb6 axb6 12. Bf4 b5 13. a3 Nb6 14. f3 O-O 15.
e4 Be6 16. Be3 Na4 17. Nxa4 Rxa4 18. Rac1 Rfa8 19. Nd3 dxe4 20. fxe4 Ng4 0-1

[Event "Campeonato de Aragon por Equipos - Division de Honor"]
[Site ""]
[Date "2022.02.05"]
[Round "2.15"]
[White "Guzman Moneo, Alberto"]
[Black "Pellicer Cerezuela, Miguel"]
[Result "0-1"]
[WhiteElo "2196"]
[BlackElo "2006"]
[PlyCount "0"]
[WhiteTeam "Helios"]
[BlackTeam "L'Aurora Estadilla"]
[EventDate "2022.01.29"]

1. e4 e6 2. d4 d5 3. e5 c5 4. c3 Nc6 5. Nf3 Nh6 6. Bd3 Nf5 7. O-O cxd4 8. Bxf5
exf5 9. Nxd4 Nxd4 10. Qxd4 Be6 11. Rd1 Qd7 12. Nd2 b6 13. Nf3 Rc8 14. Be3 Be7
15. a4 O-O 16. a5 Bc5 17. Qa4 b5 18. Qf4 Be7 19. Bd4 b4 20. Qe3 Rc7 21. Ne1
Rfc8 22. Nd3 bxc3 23. bxc3 h6 24. Rdb1 g5 25. g3 Kh7 26. a6 f4 27. gxf4 Bf5 28.
Rb7 Rg8 29. Kf1 Rxb7 30. axb7 Qxb7 31. fxg5 Qb5 32. Ke2 Bxg5 33. Qf3 Be4 34.
Qh3 Qb3 35. Kf1 Bd2 36. Ne1 Qc4+ 0-1

[Event "Campeonato de Aragon por Equipos - Division de Honor"]
[Site ""]
[Date "2022.02.05"]
[Round "2.16"]
[White "Pellicer Cemeli, Jose Luis"]
[Black "Cerrajeria Ruiz, Jesus Maria"]
[Result "0-1"]
[WhiteElo "1963"]
[BlackElo "2065"]
[PlyCount "0"]
[WhiteTeam "L'Aurora Estadilla"]
[BlackTeam "Helios"]
[EventDate "2022.01.29"]


1. b3 d6 2. Bb2 Nd7 3. Nf3 Ngf6 4. e3 g6 5. Be2 Bg7 6. O-O O-O 7. c4 e5 8. d3
e4 9. dxe4 Nxe4 10. Bxg7 Kxg7 11. Qd4+ Qf6 12. Nfd2 Ndc5 13. Nxe4 Nxe4 14.
Qxf6+ Kxf6 15. f3 Nc5 16. Nc3 Be6 17. Rfd1 a5 18. Rd4 Rfe8 19. Kf2 Kg7 20. Ne4
Nxe4+ 21. Rxe4 c5 22. g4 a4 23. Rd1 axb3 24. axb3 Red8 25. Rd2 b6 26. g5 Ra1
27. Bd1 Rb1 28. Rf4 Ra8 29. Rxd6 Ra2+ 30. Kg3 Rbb2 31. Rh4 Rd2 32. Rxb6 Rxd1
33. Rb5 Rd3 34. Rxc5 Rxb3 35. Re4 Ra7 36. h4 Rc3 37. h5 gxh5 38. f4 Ra4 39. f5
Rcxc4 40. Rcxc4 Rxc4 41. Re5 Rg4+ 0-1

[Event "Campeonato de Aragon por Equipos - Division de Honor"]
[Site ""]
[Date "2022.02.05"]
[Round "2.17"]
[White "Aranaz Murillo, Amalia"]
[Black "Gavin Roche, Enrique"]
[Result "1-0"]
[WhiteElo "2233"]
[BlackElo "2237"]
[PlyCount "0"]
[WhiteTeam "Palacio De Pioneros B"]
[BlackTeam "ONCE Club Ajedrez Aragon"]
[EventDate "2022.01.29"]

1. Nf3 d5 2. c4 e6 3. g3 Nf6 4. Bg2 Be7 5. O-O O-O 6. d4 dxc4 7. Ne5 Nc6 8.
Bxc6 bxc6 9. Nxc6 Qe8 10. Nxe7+ Qxe7 11. Qa4 c5 12. Qa3 Bb7 13. Nc3 Rfc8 14.
Rd1 Qc7 15. Qxc5 Qxc5 16. dxc5 Rxc5 17. Be3 Rcc8 18. f3 Bc6 19. Rac1 Rcb8 20.
Rd2 Nd5 21. Nxd5 Bxd5 22. Bf4 Rc8 23. Rdc2 c3 24. b3 f6 25. Rxc3 Rxc3 26. Rxc3
e5 27. Be3 a5 28. Rc2 Kf7 29. Bd2 a4 30. b4 a3 31. Be3 Rb8 32. Bc5 Rb7 33. Rc3
Bxa2 34. Rxa3 Bc4 35. Kf2 h5 36. Ra8 Rd7 37. Ke1 Bb3 38. b5 Bd5 39. Rf8+ Ke6
40. b6 e4 41. f4 Kf5 42. Kf2 Bb7 43. Rh8 g6 44. Rf8 Ke6 45. Ke3 Rf7 46. Rb8 Rd7
47. Bd4 Rf7 48. Re8+ Kf5 49. h3 Ba6 50. Ra8 Bb7 51. Rd8 Bc6 52. Bc5 Bb7 53. Bd6
Ke6 54. Bc7 Bc6 55. Rd6+ 1-0

[Event "Campeonato de Aragon por Equipos - Division de Honor"]
[Site ""]
[Date "2022.02.05"]
[Round "2.18"]
[White "Latorre Abad, Fernando"]
[Black "Sacristan Latorre, Alberto"]
[Result "1/2-1/2"]
[WhiteElo "2109"]
[BlackElo "2107"]
[PlyCount "0"]
[WhiteTeam "ONCE Club Ajedrez Aragon"]
[BlackTeam "Palacio De Pioneros B"]
[EventDate "2022.01.29"]

1. e4 c5 2. Nf3 Nc6 3. d4 cxd4 4. Nxd4 g6 5. Nc3 Bg7 6. Be3 Nf6 7. Nxc6 bxc6 8.
e5 Ng8 9. Bd4 Nh6 10. e6 O-O 11. Bxg7 Kxg7 12. Qd4+ Kg8 13. exd7 Qxd7 14. Qxd7
Bxd7 15. O-O-O Be6 16. Be2 Rab8 17. Rhe1 Rfc8 18. Bf3 Kf8 19. Rd2 Nf5 20. Bg4
Rb4 21. Bxf5 Bxf5 22. b3 h5 23. Na4 c5 24. c4 Rcb8 25. Rd5 Rxa4 26. bxa4 Rb1+
27. Kd2 Rb2+ 28. Ke3 Rxa2 29. Rxc5 Rxa4 30. Rd1 Be6 31. Rc1 a5 32. Rc2 Ke8 33.
Kd4 Ra1 34. Kc3 Kd7 35. Rd2+ Ke8 36. Kb2 Ra4 37. Kb3 Rb4+ 38. Kc3 Ra4 39. h4
Ra3+ 40. Kb2 Ra4 41. Kb3 Rb4+ 42. Kc3 Ra4 43. g3 Ra3+ 44. Kb2 Ra4 45. Kb3 Rb4+
46. Ka3 Rxc4 47. Rxc4 Bxc4 48. Ka4 e5 49. Rc2 Bd3 50. Rc5 e4 51. Rc7 Kf8 52.
Kxa5 Kg7 53. Rc6 Bb1 54. Kb4 Ba2 55. Kc5 Bb1 56. Kd5 Kg8 57. Ke5 Kg7 58. Rc7
Bd3 59. Rc3 Bb1 60. Rb3 Ba2 61. Rb2 Bc4 62. Kxe4 Kf6 63. Rb6+ Be6 64. Ra6 Kg7
65. Ke5 Bc4 66. Ra7 Bd3 1/2-1/2

[Event "Campeonato de Aragon por Equipos - Division de Honor"]
[Site ""]
[Date "2022.02.05"]
[Round "2.19"]
[White "Colom Sienes, Eduardo"]
[Black "Cobo Garrido, Diego Israel"]
[Result "0-1"]
[WhiteElo "2081"]
[BlackElo "2076"]
[PlyCount "0"]
[WhiteTeam "Palacio De Pioneros B"]
[BlackTeam "ONCE Club Ajedrez Aragon"]
[EventDate "2022.01.29"]

1. e4 c5 2. Nf3 e6 3. d4 cxd4 4. Nxd4 Nc6 5. Nxc6 bxc6 6. Bd3 d5 7. O-O Nf6 8.
Nd2 Be7 9. Re1 O-O 10. e5 Nd7 11. Nf3 Nc5 12. Be3 Nxd3 13. cxd3 c5 14. Rc1 d4
15. Bf4 Qd5 16. b3 Bb7 17. Re4 Qd7 18. Re2 f5 19. Rec2 a5 20. a3 Bd5 21. Rb2 a4
22. bxa4 Qxa4 23. Qxa4 Rxa4 24. Ra1 Rfa8 25. Bc1 c4 26. dxc4 Rxc4 27. Rd2 Bb4
28. Rd1 Bc3 29. Rb1 Be4 30. Rb6 Bc2 31. Rf1 Bd3 32. Rxe6 Bxf1 33. Kxf1 Rd8 34.
Rd6 Ba5 35. Bg5 Rxd6 36. exd6 d3 37. g3 h6 38. Be7 Rc1+ 39. Kg2 Rc5 40. d7 Rd5
41. d8=Q+ Bxd8 42. Bxd8 Rxd8 43. Nd2 Re8 44. Kf3 Re2 45. Nc4 g5 0-1

[Event "Campeonato de Aragon por Equipos - Division de Honor"]
[Site ""]
[Date "2022.02.05"]
[Round "2.25"]
[White "Lopez Guaita, Fernando"]
[Black "Del Rey, Diego"]
[Result "0-1"]
[WhiteElo "1828"]
[BlackElo "2370"]
[PlyCount "0"]
[WhiteTeam "Utebo San Lamberto"]
[BlackTeam "El Olivar"]
[EventDate "2022.01.29"]

1. e4 c5 2. Nc3 e6 3. Bc4 Nc6 4. d3 Nf6 5. Bg5 h6 6. Bh4 Be7 7. Bxf6 Bxf6 8. a4
d5 9. exd5 Bxc3+ 10. bxc3 exd5 11. Bb5 Qf6 12. Qd2 O-O 13. Bxc6 Qxc6 14. Ne2
Bg4 15. O-O Rfe8 16. f3 Bd7 17. a5 Re7 18. Nf4 Qd6 19. Rfd1 Rae8 20. Re1 Rxe1+ 
0-1

[Event "Campeonato de Aragon por Equipos - Division de Honor"]
[Site ""]
[Date "2022.02.05"]
[Round "2.26"]
[White "Villuendas Valero, Adrian"]
[Black "Olivan Lopez, Dario"]
[Result "1-0"]
[WhiteElo "2271"]
[BlackElo "1793"]
[PlyCount "0"]
[WhiteTeam "El Olivar"]
[BlackTeam "Utebo San Lamberto"]
[EventDate "2022.01.29"]

1. d4 Nf6 2. Bg5 d5 3. e3 e6 4. Nd2 Nbd7 5. Ngf3 Be7 6. Bd3 c6 7. O-O Qc7 8. c4
e5 9. cxd5 Nxd5 10. e4 Bxg5 11. exd5 Bxd2 12. dxc6 bxc6 13. Qxd2 O-O 14. Rfe1
exd4 15. Nxd4 Nf6 16. Qc2 Rd8 17. Nxc6 Be6 18. Nxd8 Qxd8 19. Rad1 Qa5 20. Qd2
Qxa2 21. Bc4 Qxc4 22. Qd8+ Rxd8 23. Rxd8+ Ne8 24. Rxe8#  1-0

[Event "Campeonato de Aragon por Equipos - Division de Honor"]
[Site ""]
[Date "2022.02.05"]
[Round "2.27"]
[White "Olivan Blasco, Leonardo"]
[Black "Hernando Garcia, Antonio"]
[Result "0-1"]
[WhiteElo "1400"]
[BlackElo "2133"]
[PlyCount "0"]
[WhiteTeam "Utebo San Lamberto"]
[BlackTeam "El Olivar"]
[EventDate "2022.01.29"]

1. e4 d5 2. exd5 Qxd5 3. Nc3 Qd8 4. d4 c6 5. Bc4 Nf6 6. Bg5 Bg4 7. Be2 Bxe2 8.
Ngxe2 e6 9. O-O Nbd7 10. f4 g6 11. Ng3 h6 12. Bh4 Be7 13. Nce4 O-O 14. Qe2 Nxe4
15. Bxe7 Nxg3 16. hxg3 Qxe7 17. Kf2 Qf6 18. c3 h5 19. Rh1 Qf5 20. Rh3 Nf6 21.
Rah1 Qe4 22. Qd2 Ng4+ 23. Kf1 Qe3 24. Qc2 Rad8 25. b4 a5 26. a3 axb4 27. cxb4
Rxd4  0-1

[Event "Campeonato de Aragon por Equipos - Division de Honor"]
[Site ""]
[Date "2022.02.05"]
[Round "2.28"]
[White "Galstyan, David"]
[Black "Cabestre Mines, Juan Ignacio"]
[Result "1-0"]
[WhiteElo "1859"]
[BlackElo "1393"]
[PlyCount "0"]
[WhiteTeam "El Olivar"]
[BlackTeam "Utebo San Lamberto"]
[EventDate "2022.01.29"]

1. e4 c5 2. Nc3 Nc6 3. f4 e5 4. Nf3 d6 5. Bb5 Bg4 6. d3 a6 7. Bxc6+ bxc6 8. O-O
Nf6 9. h3 Bd7 10. fxe5 dxe5 11. Nxe5 Be7 12. Nxd7 Nxd7 13. Be3 O-O 14. Qe2 Bg5
15. Bxg5 Qxg5 16. Rf5 Qe7 17. Nd1 g6 18. Rf1 Qe5 19. Rb1 Qd4+ 20. Qe3 Rfe8 21.
Qxd4 cxd4 22. b3 Ne5 23. Nb2 Rab8 24. Rf6 Kg7 25. Rbf1 Re6 26. R6f4 Rb7 27. g4
a5 28. Na4 Rb5 29. g5 c5 30. Rf6 Rxf6 31. Rxf6 h6 32. h4 hxg5 33. hxg5 Ng4 34.
Rc6 c4 35. Rc5 cxb3 36. cxb3 Rxc5 37. Nxc5 Ne5 38. Kf2 f6 39. Ne6+ Kf7 40. Nxd4
Nxd3+ 41. Ke3 Ne5 42. Nf3 Nxf3 43. Kxf3 fxg5 44. a3 Ke6 45. b4 axb4 46. axb4
Ke5 47. b5 g4+ 48. Kxg4 Kd6 49. Kg5 Kc5 50. Kxg6 Kxb5 51. Kf7 Kc6 52. e5  1-0

[Event "Campeonato de Aragon por Equipos - Division de Honor"]
[Site ""]
[Date "2022.02.05"]
[Round "2.29"]
[White "Llanes Luno, Ricardo"]
[Black "Remiro Juste, Fernando Jose"]
[Result "1/2-1/2"]
[WhiteElo "2203"]
[BlackElo "2209"]
[PlyCount "0"]
[WhiteTeam "Delicias"]
[BlackTeam "Agrupacion"]
[EventDate "2022.01.29"]

1. e4 c5 2. Nf3 Nc6 3. d4 cxd4 4. Nxd4 e5 5. Nb3 Nf6 6. Bg5 Be7 7. Bxf6 Bxf6 8.
Nc3 O-O 9. g3 d6 10. Qd2 Bg5 11. Qd1 Be6 12. Bg2 Bc4 13. Bf1 Bxf1 14. Kxf1 Qd7
15. Qh5 Bd8 16. Kg2 f5 17. Rad1 Bb6 18. Rhf1 Nd4 19. Nxd4 Bxd4 20. Nd5 Bxb2 21.
exf5 Rae8 22. Qf3 Kh8 23. g4 Bd4 24. Qe4 Rc8 25. Rd3 b5 26. c3 Bc5 27. Rh3 Ba3
28. f6 gxf6 29. Qf5 Qb7 30. Kg1 Qg7 31. Nxf6 Rxf6 32. Qxc8+ Rf8 33. Qe6 Bc5 34.
Kg2 Rf4 35. f3 Ra4 36. Rh5 Qg8 37. Qf6+ Qg7 38. Qd8+ Qg8 39. Qe7 Rf4 40. h3
Qxa2+ 41. Kg3 Qf7 42. Qxf7 Rxf7 43. Rb1 Rb7 44. Ra1 Be3 45. Rf5 Kg7 46. h4 Rc7
47. Ra6 Bb6 48. Ra3 a5 49. g5 a4 50. Rf6 Rc6 51. c4 Rxc4 52. Rxd6 Bd4 53. Rd7+
Kg8 54. Rd8+ Kf7 55. Rd7+ Kg8 56. Rd8+ Kf7 57. Rd7+ 1/2-1/2

[Event "Campeonato de Aragon por Equipos - Division de Honor"]
[Site ""]
[Date "2022.02.05"]
[Round "2.30"]
[White "Ramon Perez, Jose Luis"]
[Black "Llanes Luno, Pedro Alfredo"]
[Result "1-0"]
[WhiteElo "2161"]
[BlackElo "2041"]
[PlyCount "0"]
[WhiteTeam "Agrupacion"]
[BlackTeam "Delicias"]
[EventDate "2022.01.29"]


1. e4 c5 2. Nc3 Nc6 3. Bb5 g6 4. Bxc6 bxc6 5. d3 Bg7 6. f4 d6 7. Nf3 Nh6 8. O-O
f5 9. Qe1 O-O 10. Kh1 Qc7 11. e5 Nf7 12. Qg3 Nd8 13. Be3 Ne6 14. Rae1 d5 15.
Bc1 Ba6 16. h4 Rad8 17. Ng5 Nxg5 18. Qxg5 c4 19. d4 c5 20. Rd1 cxd4 21. Rxd4 e6
22. Rfd1 Rfe8 23. Be3 Rb8 24. h5 Qe7 25. Qg3 gxh5 26. b3 Kh8 27. Qh3 Rbc8 28.
Bf2 cxb3 29. cxb3 Rc6 30. Be1 Rg8 31. Qf3 Bf8 32. b4 Bc4 33. a3 Rg4 34. R1d2
Qg7 35. Nd1 Ra6 36. Bf2 h4 37. Rxc4 dxc4 38. Rd8 Qe7 39. Qa8 Rg8 40. Bc5 Qg7
41. Rxf8 Rxa3 42. Be7 Rxf8 43. Bxf8 Qg8 44. Qd8 Rg3 45. Qf6+ Rg7 46. Kh2 Qf7
47. Bxg7+ Qxg7 48. Qd8+ Qg8 49. Qxg8+ Kxg8 50. Kh3 1-0

[Event "Campeonato de Aragon por Equipos - Division de Honor"]
[Site ""]
[Date "2022.02.05"]
[Round "2.31"]
[White "Roche Simon, Manuel Angel"]
[Black "Barros Gutierrez, Angel Luis"]
[Result "1-0"]
[WhiteElo "2027"]
[BlackElo "2043"]
[PlyCount "0"]
[WhiteTeam "Delicias"]
[BlackTeam "Agrupacion"]
[EventDate "2022.01.29"]

1. e4 c5 2. Nf3 Nc6 3. d4 cxd4 4. Nxd4 Nf6 5. Nc3 d6 6. Bc4 Bd7 7. Bb3 a6 8.
Be3 Ng4 9. Nxc6 bxc6 10. Qf3 Nf6 11. Rg1 Bg4 12. Qg3 Qc8 13. h3 Be6 14. f4 g6
15. Qf3 Bg7 16. g4 Bxb3 17. axb3 O-O 18. Kf2 e5 19. Rgd1 exf4 20. Bxf4 d5 21.
exd5 Nxd5 22. Nxd5 cxd5 23. c3 d4 24. c4 h6 25. Kg2 Qc5 26. Qd5 Qc8 27. Re1 Ra7
28. c5 Rd8 29. Bd6 Bf8 30. Rad1 Bxd6 31. cxd6 Rad7 32. Rf1 Rxd6 33. Qxf7+ Kh8
34. Rde1 Qa8+ 35. Kg1 R6d7 36. Qxg6 Qb8 37. Qf6+ Kg8 38. Qe6+ Kh8 39. Qxh6+ Rh7
40. Qf6+ Kg8 41. Re5 Rg7 42. Qe6+ 1-0

[Event "Campeonato de Aragon por Equipos - Division de Honor"]
[Site ""]
[Date "2022.02.05"]
[Round "2.32"]
[White "Conon, Catalin"]
[Black "Fabre Perez, Jose Maria"]
[Result "0-1"]
[WhiteElo "1887"]
[BlackElo "2009"]
[PlyCount "0"]
[WhiteTeam "Agrupacion"]
[BlackTeam "Delicias"]
[EventDate "2022.01.29"]

1. d4 g6 2. c4 Nf6 3. Nc3 Bg7 4. e4 d6 5. h3 O-O 6. Be3 c5 7. d5 b5 8. cxb5 a6
9. Qd2 axb5 10. Bxb5 Ba6 11. Bxa6 Rxa6 12. Nge2 Nbd7 13. Bh6 Bxh6 14. Qxh6 Qb6
15. b3 Qb4 16. Qe3 e6 17. O-O exd5 18. exd5 Re8 19. Qf4 Re5 20. Rad1 Kg7 21.
Qc1 Nb6 22. f4 Re7 23. f5 Re5 24. Rf4 Qa3 25. Qa1 g5 26. Rf2 Qb4 27. Nc1 Re3
28. N1e2 Re5 29. Nc1 c4 30. Rd4 Re1+ 31. Rf1 Qc5 32. N3e2 Rxf1+ 33. Kxf1 Nbxd5
34. bxc4 Ne3+ 35. Kg1 Nc2 36. Qc3 Nxd4 37. Qxd4 Qxd4+ 38. Nxd4 Ra4 39. Ncb3
Rxc4 40. Nb5 Ne4 41. N3d4 Kf6 42. g4 Nc3 43. Kf2 Nxb5 44. Nxb5 Ke5 45. Ke3 Ra4
46. a3 Ra5 47. a4 Rxa4 48. Nc7 Ra3+ 49. Kf2 Rxh3 50. Na6 Kf4 51. Nb4 Kxg4 52.
f6 Rf3+ 0-1

[Event "Campeonato de Aragon por Equipos - Division de Honor"]
[Site ""]
[Date "2022.02.12"]
[Round "3.1"]
[White "Gavin Roche, Enrique"]
[Black "Forcen Esteban, Daniel"]
[Result "0-1"]
[WhiteElo "2237"]
[BlackElo "2558"]
[PlyCount "0"]
[WhiteTeam "ONCE Club Ajedrez Aragon"]
[BlackTeam "Jaime Casas"]
[EventDate "2022.01.29"]

1. d4 Nf6 2. Nf3 d6 3. c4 g6 4. Nc3 Bg7 5. e4 O-O 6. Be2 e5 7. d5 Nbd7 8. Bg5
h6 9. Bh4 g5 10. Bg3 Nh5 11. h4 g4 12. Nd2 Ndf6 13. Nf1 c6 14. Qd2 cxd5 15.
cxd5 Bd7 16. f3 Rc8 17. Bf2 Nf4 18. Ne3 h5 19. Bf1 gxf3 20. gxf3 Bh6 21. Ne2
Nxe2 22. Bxe2 Qb6 23. Bd3 Rc7 24. Ke2 Bb5 25. Rab1 Rfc8 26. Kd1 Qa6 27. Bxb5
Qxb5 28. Re1 Rc4 29. Nxc4 Bxd2 30. Nxd2 Qa4+ 31. Ke2 Qa6+ 32. Ke3 Rc2 33. Rec1
Qb6+ 0-1

[Event "Campeonato de Aragon por Equipos - Division de Honor"]
[Site ""]
[Date "2022.02.12"]
[Round "3.2"]
[White "Ramiro Ovejero, Juan Luis"]
[Black "Laliena Solanes, Luis"]
[Result "0-1"]
[WhiteElo "2324"]
[BlackElo "2200"]
[PlyCount "0"]
[WhiteTeam "Jaime Casas"]
[BlackTeam "ONCE Club Ajedrez Aragon"]
[EventDate "2022.01.29"]


1. e4 c6 2. d4 d5 3. e5 c5 4. dxc5 e6 5. Nf3 Bxc5 6. Bd3 Ne7 7. O-O Ng6 8. c4
dxc4 9. Qa4+ Bd7 10. Qxc4 Qb6 11. Nc3 Qb4 12. Nb5 Bxb5 13. Qxb5+ Nc6 14. Bd2
Qxb5 15. Bxb5 O-O-O 16. Rac1 Rd5 17. Bc4 Rd7 18. b4 Rxd2 19. Nxd2 Bxb4 20. Nf3
Kb8 21. Rfd1 Ngxe5 22. Nxe5 Nxe5 23. f4 Ng4 24. Be2 Nf6 25. Bf3 Rc8 26. Rxc8+
Kxc8 27. g4 Bc5+ 28. Kg2 Kc7 29. g5 Ne8 30. Be4 g6 31. h4 b6 32. h5 Nd6 33. Bd3
b5 34. Rb1 b4 35. Kf3 a5 36. hxg6 hxg6 37. Rh1 Kc6 38. Rh8 Kd5 39. Ra8 Bb6 40.
Bc2 Kd4 41. Ra6 Kc5 42. Ba4 Nf5 43. Ra8 Nd6 44. Rh8 Bc7 45. Rh1 Nf5 46. Rc1+
Kb6 47. Bd7 Kb7 48. Bc6+ Kb6 49. Be4 Nd4+ 50. Kg4 Bxf4 51. Kxf4 Ne2+ 52. Ke5
Nxc1 53. Bb1 a4 54. Kf6 Nxa2 55. Kxf7 Nc3 56. Bxg6 a3 0-1

[Event "Campeonato de Aragon por Equipos - Division de Honor"]
[Site ""]
[Date "2022.02.12"]
[Round "3.3"]
[White "Latorre Abad, Fernando"]
[Black "Maza Broto, Pablo"]
[Result "0-1"]
[WhiteElo "2109"]
[BlackElo "2026"]
[PlyCount "0"]
[WhiteTeam "ONCE Club Ajedrez Aragon"]
[BlackTeam "Jaime Casas"]
[EventDate "2022.01.29"]

1. e4 e6 2. Nc3 d5 3. Nf3 Nf6 4. e5 Nfd7 5. d4 a6 6. Be2 c5 7. dxc5 Nc6 8. Bf4
Bxc5 9. O-O O-O 10. Bd3 f6 11. exf6 Nxf6 12. Qe2 Nb4 13. Be5 Bd7 14. Bd4 Bxd4
15. Nxd4 Qb6 16. Nf3 Nxd3 17. cxd3 d4 18. Ne4 Nd5 19. Ne5 Bb5 20. a4 Be8 21.
Ng5 Rf5 22. Nc4 Nf4 23. Nxb6 Nxe2+ 24. Kh1 Rxg5 25. Nxa8 Bc6 26. f3 Nf4 27. g3
Nxd3 28. Rad1 Nxb2 29. Rxd4 Nxa4 30. Kg2 Rd5 31. Rxd5 exd5 32. Nc7 Kf7 33. Rc1
a5 34. Na6 Ke7 35. Nc5 Nxc5 36. Rxc5 a4 37. Ra5 Kd6 38. Kf2 b5 39. Ke3 Kc5 40.
Kd3 Kb6 0-1

[Event "Campeonato de Aragon por Equipos - Division de Honor"]
[Site ""]
[Date "2022.02.12"]
[Round "3.4"]
[White "Modrego Oro, Aurelio"]
[Black "Cobo Garrido, Diego Israel"]
[Result "0-1"]
[WhiteElo "1082"]
[BlackElo "2076"]
[PlyCount "0"]
[WhiteTeam "Jaime Casas"]
[BlackTeam "ONCE Club Ajedrez Aragon"]
[EventDate "2022.01.29"]

1. e4 c5 2. Nf3 e6 3. d4 cxd4 4. Nxd4 Nc6 5. a3 Qc7 6. Nb5 Qb8 7. g3 a6 8. Nd4
Qe5 9. Nf3 Qxe4+ 10. Qe2 Qxe2+ 11. Bxe2 Nf6 12. O-O b5 13. b3 Bb7 14. Bb2 Be7
15. Nbd2 d5 16. Ne5 Nxe5 17. Bxe5 O-O 18. b4 Rac8 19. Rac1 Nd7 20. Bb2 Bg5 21.
f4 Bd8 22. h4 Bb6+ 23. Kh2 Be3 24. Rfd1 Nb6 25. Nb3 Bxc1 26. Rxc1 Nc4 27. Bxc4
dxc4 28. Nc5 Bf3 29. Rf1 Bg4 30. Be5 Rfd8 31. c3 Rc6 32. Re1 Rd5 33. Kg2 f6 34.
Bd4 Kf7 35. Rc1 Rcd6 36. Ne4 Rxd4 37. cxd4 Rxd4 38. Nf2 Rd2 39. Kf1 Bf3 40. Rc3
Bd5 41. Ke1 Rb2 42. Kf1 Rb3 0-1